Inflation, money demand, and purchasing power parity in South Africa

Na minha lista:
Detalhes bibliográficos
Autor principal: Jonsson, Gunnar
Formato: Livro
Idioma:inglês
Publicado em: Washington International Monetary Fund 1999
Colecção:IMF Working Paper WP/99/122
Assuntos:
Tags: Adicionar Tag
Sem tags, seja o primeiro a adicionar uma tag!

MARC

LEADER 00000nam a2200000 4500
001 c123772
005 20221221082640.0
041 0 |a eng 
044 |a US 
245 1 0 |a Inflation, money demand, and purchasing power parity in South Africa  |c Gunnar Jonsson 
264 1 |a Washington  |b International Monetary Fund  |c 1999 
300 |a 28 s. 
490 1 |a IMF Working Paper  |v WP/99/122 
830 0 |a IMF Working Paper  |v WP/99/122 
610 2 0 |a inflácia 
610 2 0 |a peniaze 
610 2 0 |a Afrika 
610 2 0 |a sila kúpna peňazí 
100 1 |a Jonsson, Gunnar